书目信息 |
| 题名: |
阅微草堂笔记
|
|
| 作者: | 纪晓岚 撰 ;堵军 编 | |
| 分册: | ||
| 出版信息: | 延吉 延边人民出版社 2000 |
|
| 页数: | 468页 | |
| 开本: | 20cm | |
| 丛书名: | 中国古典文学名著荟萃 | |
| 单 册: | ||
| 中图分类: | I242.1 | |
| 科图分类: | ||
| 主题词: | 笔记小说--中国--清代--选集 , 笔记小说 | |
| 电子资源: | ||
| ISBN: | 7-80648-482-5 | |
| 000 | 00810oam2 2200289 45 | |
| 001 | (011001)c2001020520 | |
| 005 | 20010313135715.5 | |
| 009 | (011001)c2001020520 | |
| 010 | @a7-80648-482-5@dCNY19.80 | |
| 035 | @a(011001)c2001020520 | |
| 100 | @a20010212d2000 em y0chiy0110 ea | |
| 101 | 0 | @achi |
| 102 | @aCN@b220000 | |
| 105 | @ay z 000ay | |
| 200 | 1 | @a阅微草堂笔记@AYue wei cao tang bi ji@f(清)纪晓岚撰@g堵军编 |
| 210 | @a延吉@c延边人民出版社@d2000 | |
| 215 | @a468页@d20cm | |
| 225 | 2 | @a中国古典文学名著荟萃 |
| 461 | 0 | @12001 @a中国古典文学名著荟萃 |
| 606 | 0 | @a笔记小说@y中国@z清代@j选集 |
| 606 | 0 | @a笔记小说 |
| 690 | @aI242.1@v4 | |
| 701 | 0 | @a纪晓岚@AJi xiao lan@4撰 |
| 702 | 0 | @a堵军@ADu jun@4编 |
| 801 | 0 | @aCN@c20010702 |
| 905 | @aBZT@dI242.1@e8 | |
| 906 | @dCNY19.80@n0@r1 | |
| 阅微草堂笔记/(清)纪晓岚撰/堵军编.-延吉:延边人民出版社,2000 |
| 468页;20cm.-(中国古典文学名著荟萃) |
| ISBN 7-80648-482-5:CNY19.80 |
| ● |
| 相关链接 |
|
|
|
正题名:阅微草堂笔记
索取号:I242.1/8
 
预约/预借
| 序号 | 登录号 | 条形码 | 馆藏地/架位号 | 状态 | 备注 |
| 1 | 396706 | 210234361 | 中心书库中库/打包BH1255/ [索取号:I242.1/8] | 在馆 | |
| 2 | 396707 | 210234334 | 中心书库中库/打包BH1255/ [索取号:I242.1/8] | 在馆 | |
| 3 | 396708 | 210234343 | 中心书库中库/打包BH1255/ [索取号:I242.1/8] | 在馆 | |
| 4 | 396709 | 210234316 | 中心书库中库/打包BH1246/ [索取号:I242.1/8] | 在馆 | |
| 5 | 396710 | 210234325 | 中心书库中库/打包BH1246/ [索取号:I242.1/8] | 在馆 | |
| 6 | 396711 | 210234290 | 中心书库/ [索取号:I242.1/8] |
已借出,限还日期为2009.06.30 借出人:孙汉水 |
|
| 7 | 396712 | 210234307 | 中心书库中库/打包BH1246/ [索取号:I242.1/8] | 在馆 | |
| 8 | 396713 | 210234272 | 中心书库中库/打包BH1246/ [索取号:I242.1/8] | 在馆 | |
| 9 | 396714 | 210234281 | 中心书库中库/打包BH1246/ [索取号:I242.1/8] | 在馆 | |
| 10 | 396715 | 210234254 | 中心书库中库/打包BH1246/ [索取号:I242.1/8] | 在馆 | |
| 11 | 423901 | 210527321 | 中心书库中库/打包BH1246/ [索取号:I242.1/8] | 在馆 | |
| 12 | 423902 | 210527312 | 中心书库中库/打包BH1246/ [索取号:I242.1/8] | 在馆 | |
| 13 | 423904 | 210527296 | 中心书库中库/打包BH1246/ [索取号:I242.1/8] | 在馆 | |
| 14 | 423905 | 210527330 | 中心书库中库/打包BH1246/ [索取号:I242.1/8] | 在馆 | |
| 15 | 423906 | 210527385 | 中心书库中库/打包BH1246/ [索取号:I242.1/8] | 在馆 | |
| 16 | 423907 | 210527376 | 中心书库中库/打包BH1246/ [索取号:I242.1/8] | 在馆 | |
| 17 | 423908 | 210527367 | 中心书库中库/打包BH1255/ [索取号:I242.1/8] | 在馆 | |
| 18 | 423909 | 210527358 | 中心书库中库/打包BH1246/ [索取号:I242.1/8] | 在馆 | |
| 19 | 423910 | 210527349 | 中心书库中库/打包BH1246/ [索取号:I242.1/8] | 在馆 |